अमावस्या का चाँद/ (Record no. 203868)
[ view plain ]
| 000 -LEADER | |
|---|---|
| fixed length control field | 00966nam a22002057a 4500 |
| 005 - DATE AND TIME OF LATEST TRANSACTION | |
| control field | 20240712125044.0 |
| 010 ## - LCCN (DPL NO) | |
| LC control number | HIN-127894 |
| 020 ## - INTERNATIONAL STANDARD BOOK NUMBER | |
| Terms of availability | 295.00 |
| International Standard Book Number | 9788191033038 |
| 035 ## - SYSTEM CONTROL NUMBER | |
| System control number | HN-100240 |
| 037 ## - SOURCE OF ACQUISITION | |
| Source of stock number/acquisition | DBAD |
| 082 ## - DEWEY DECIMAL CLASSIFICATION NUMBER | |
| Classification number | उ |
| 100 ## - MAIN ENTRY--PERSONAL NAME | |
| Personal name | दास, गोविंद |
| 245 ## - TITLE STATEMENT | |
| Title | अमावस्या का चाँद/ |
| Statement of responsibility, etc | गोविंद दास; दिनेश कुमार माली द्वारा अनुवादित |
| 250 ## - EDITION STATEMENT | |
| Edition statement | प्रथम |
| 260 ## - PUBLICATION, DISTRIBUTION, ETC. (IMPRINT) | |
| Place of publication, distribution, etc | दिल्ली |
| Name of publisher, distributor, etc | विज़ुअल पब्लिशर्स एंड डिस्ट्रीब्यूटरर्स |
| Date of publication, distribution, etc | 2021 |
| 270 ## - ADDRESS | |
| Address | 1/10825 गली नं. 3, सुभाष पार्क, नवीन शाहदरा, |
| City | दिल्ली |
| Postal code | 110032 |
| 300 ## - PHYSICAL DESCRIPTION | |
| Extent | 108पृ. |
| Dimensions | 22 सेमी. (सजिल्द) |
| 700 ## - ADDED ENTRY--PERSONAL NAME | |
| Personal name | माली, दिनेश कुमार |
| 9 (RLIN) | 67998 |
| 942 ## - ADDED ENTRY ELEMENTS (KOHA) | |
| Source of classification or shelving scheme | Dewey Decimal Classification |
| Item type | Hindi Books |
| Classification part | उ |
| Call number suffix | दासगो |
| Withdrawn status | Lost status | Not for loan | Collection code | Home library | Current library | Date acquired | Source of acquisition | Cost, normal purchase price | Full call number | Barcode | Copy number | Cost, replacement price | Koha item type |
|---|---|---|---|---|---|---|---|---|---|---|---|---|---|
| Fiction | Central Jail Tihar | Central Jail Tihar | 02/07/2024 | DBAD | 295.00 | उ दासगो | HN-100240 | 1 | 295.00 | Hindi Books |
